| 000 | 00571cam a22001932 4500 | ||
|---|---|---|---|
| 001 | 0000001827 | ||
| 005 | 20151217151830.0 | ||
| 008 | 070328s xx 000 0 eng d | ||
| 040 |
_aKABU _cKABU |
||
| 050 | 0 |
_aHD59 _b.D86 1993 |
|
| 100 | 1 |
_aDunn, Jim. _@0000150861 |
|
| 245 | 1 | 0 |
_aSuccessful public relations : _bthe insider's way to get successful media coverage. |
| 260 |
_aLondon : _bHawksmere, _c1993. |
||
| 300 | _a153 p. | ||
| 650 | 0 |
_aPublic relations. _@0000047274 |
|
| 908 | _a070328 | ||
| 950 | _@1 | ||
| 999 |
_c5478 _d5478 |
||